| 000 | 00326nam a22000977a 4500 | ||
|---|---|---|---|
| 008 | 231106b |||||||| |||| 00| 0 eng d | ||
| 040 |
_aNational Science Library _cNational Science Library |
||
| 245 | _aAnales instituto nacional de investigaciones agronomicas | ||
| 260 |
_aMadrid; _bMinisterio De Agricultura, |
||
| 942 |
_cCR _2udc |
||
| 999 |
_c62934 _d62934 |
||